<?xml version="1.0" encoding="UTF-8"?>
<record
    xmlns:xsi="http://www.w3.org/2001/XMLSchema-instance"
    xsi:schemaLocation="http://www.loc.gov/MARC21/slim http://www.loc.gov/standards/marcxml/schema/MARC21slim.xsd"
    xmlns="http://www.loc.gov/MARC21/slim">

  <leader>02218cab a2200325Ia 45 0</leader>
  <controlfield tag="001">u208544</controlfield>
  <controlfield tag="003">SIRSI</controlfield>
  <controlfield tag="008">101023s2002    ua     ss b         eng d</controlfield>
  <datafield tag="040" ind1=" " ind2=" ">
    <subfield code="a">EAL</subfield>
  </datafield>
  <datafield tag="041" ind1=" " ind2=" ">
    <subfield code="a">eng</subfield>
    <subfield code="b">ara</subfield>
  </datafield>
  <datafield tag="090" ind1=" " ind2=" ">
    <subfield code="a">ART MJAR V27 No4 Pt1 11</subfield>
  </datafield>
  <datafield tag="100" ind1="1" ind2=" ">
    <subfield code="a">Abd-Eibary, M. S. </subfield>
  </datafield>
  <datafield tag="240" ind1="1" ind2="0">
    <subfield code="a">Minufiya journal of agricultural research, 2002 v. 27 (4)</subfield>
    <subfield code="n">Part 1</subfield>
    <subfield code="h">[electronic resource].</subfield>
  </datafield>
  <datafield tag="245" ind1="1" ind2="0">
    <subfield code="a">Utilization of solar energy in the drying of some medical and aromatic plants</subfield>
    <subfield code="h">[electronic resource].</subfield>
  </datafield>
  <datafield tag="246" ind1="1" ind2="5">
    <subfield code="a">&#x627;&#x633;&#x62A;&#x62E;&#x62F;&#x627;&#x645; &#x627;&#x644;&#x637;&#x627;&#x642;&#x629; &#x627;&#x644;&#x634;&#x645;&#x633;&#x64A;&#x629; &#x641;&#x649; &#x62A;&#x62C;&#x641;&#x64A;&#x641; &#x628;&#x639;&#x636; &#x627;&#x644;&#x646;&#x628;&#x627;&#x62A;&#x627;&#x62A; &#x627;&#x644;&#x637;&#x628;&#x64A;&#x629; &#x648;&#x627;&#x644;&#x639;&#x637;&#x631;&#x64A;&#x629;.</subfield>
  </datafield>
  <datafield tag="300" ind1=" " ind2=" ">
    <subfield code="a">P.939-954.</subfield>
  </datafield>
  <datafield tag="504" ind1=" " ind2=" ">
    <subfield code="a">Includes references.</subfield>
  </datafield>
  <datafield tag="520" ind1=" " ind2=" ">
    <subfield code="a">Fayoum Governorate is considered to be the biggest governorate producing and exporting medicinal and aromatic plants., These plants are still dried in a primitive way (sun drying), being unprotected from rains, dust , and infestation ,by insects and rodents, so that, their quality are often degraded. Thus the approach of this work was performed to study the possibility of using solar energy for drying chamomile, marigold, parsely and dill. Calculation absorved energy, diffuse radiation, useful energy gained, and efficiency percent of wood or steel collecter, which used in solar dryer, were used to compare between the two methods of drying . Drying rate, drying ratio, rate of drying ratio, chemical composition, microbial count, and organoleptic characteristics of the dried product, were olso considered. It was found that the efficiency of solar drier was affected by the type of the absorber plate ; and the best one was the painted steel plate, On the other hand, solar drying reduced the time of drying to about 20%.</subfield>
  </datafield>
  <datafield tag="546" ind1=" " ind2=" ">
    <subfield code="a">Summary in Arabic.</subfield>
  </datafield>
  <datafield tag="650" ind1=" " ind2="0">
    <subfield code="a">Aromatic plants</subfield>
    <subfield code="x">Drying.</subfield>
  </datafield>
  <datafield tag="650" ind1=" " ind2="0">
    <subfield code="a">Medicinal plants</subfield>
    <subfield code="x">Drying.</subfield>
  </datafield>
  <datafield tag="650" ind1=" " ind2="0">
    <subfield code="a">Solar energy in agriculture</subfield>
  </datafield>
  <datafield tag="650" ind1=" " ind2="3">
    <subfield code="a">solar drying.</subfield>
  </datafield>
  <datafield tag="700" ind1="1" ind2=" ">
    <subfield code="a">Mostafa, K. M.</subfield>
  </datafield>
  <datafield tag="700" ind1="1" ind2=" ">
    <subfield code="a">Nabil, E.H.</subfield>
  </datafield>
  <datafield tag="700" ind1="1" ind2=" ">
    <subfield code="a">Awad, A.</subfield>
  </datafield>
  <datafield tag="773" ind1="0" ind2=" ">
    <subfield code="t">Minufiya Journal of Agricultural Research. </subfield>
    <subfield code="g">2002.v.27(4)</subfield>
    <subfield code="n">Part 1</subfield>
    <subfield code="x">1110-0265</subfield>
    <subfield code="7">nnas</subfield>
    <subfield code="w">u158151</subfield>
  </datafield>
  <datafield tag="856" ind1="4" ind2="0">
    <subfield code="u">http://nile.enal.sci.eg/EALE/2002/MJAR/2702/4P1/939.pdf</subfield>
    <subfield code="z">Full Text Article</subfield>
  </datafield>
  <datafield tag="596" ind1=" " ind2=" ">
    <subfield code="a">1</subfield>
  </datafield>
  <datafield tag="942" ind1=" " ind2=" ">
    <subfield code="c">AR</subfield>
    <subfield code="2">lcc</subfield>
  </datafield>
  <datafield tag="999" ind1=" " ind2=" ">
    <subfield code="c">58293</subfield>
    <subfield code="d">58293</subfield>
  </datafield>
</record>
